000 00600nam a22001577a 4500
003 OSt
005 20151202143659.0
008 151202b xxu||||| |||| 00| 0 eng d
040 _cRUA
082 _aFIS THA 2001 B173 Or.1
100 _94145
_aTHAK, KUNTHEANG.
245 _aA imple breeding trial of macrobrachium rosenbergii (de men) at rua, ការសាកល្បងភ្ញាស់បង្កងទឹកសាបនៅសាកលវិទ្យាល័យភូមិន្ទកសិកម្ម
260 _aPhnom Penh
_bRUA
_c2001
300 _a44p.
_bill.
_c29cm.
942 _2ddc
_cFIS
999 _c3858
_d3858